Online katalóg knižníc regiónu Turca

Level 26 (Record no. 22311)

MARC details
000 -LEADER
fixed length control field 01341nam a2200397 a 4500
001 - CONTROL NUMBER
control field 22311
003 - CONTROL NUMBER IDENTIFIER
control field VRT
005 - DATE AND TIME OF LATEST TRANSACTION
control field 20260326090057.0
008 - FIXED-LENGTH DATA ELEMENTS--GENERAL INFORMATION
fixed length control field 101011s2010 xo a d 000 f slo d
020 ## - INTERNATIONAL STANDARD BOOK NUMBER
International Standard Book Number 9788055122434 (brož.)
035 ## - SYSTEM CONTROL NUMBER
System control number (VRT)vtls010123683
039 #9 - LEVEL OF BIBLIOGRAPHIC CONTROL AND CODING DETAIL [OBSOLETE]
Level of rules in bibliographic description 201011230818
Level of effort used to assign nonsubject heading access points muro
Level of effort used to assign subject headings 201011120811
Level of effort used to assign classification scepkova
Level of effort used to assign subject headings 201010111512
Level of effort used to assign classification edita
040 ## - CATALOGING SOURCE
Original cataloging agency SVKBB
Language of cataloging slo
Transcribing agency UKB
Description conventions AACR2
041 1# - LANGUAGE CODE
Language code of text/sound track or separate title slo
Language code of original eng
044 ## - COUNTRY OF PUBLISHING/PRODUCING ENTITY CODE
MARC country code xo
ISO country code SK
072 #7 - SUBJECT CATEGORY CODE
Subject category code 821.111(73)
Subject category code subdivision Americká literatúra
Source konspekt
080 ## - UNIVERSAL DECIMAL CLASSIFICATION NUMBER
Universal Decimal Classification number 821.111(73)-31
Edition identifier 2004
080 ## - UNIVERSAL DECIMAL CLASSIFICATION NUMBER
Universal Decimal Classification number (0:82-312.4)
Edition identifier 2004
100 1# - MAIN ENTRY--PERSONAL NAME
Personal name Zuiker, Anthony E.
240 10 - UNIFORM TITLE
Uniform title Level 26 : dark orgins.
245 10 - TITLE STATEMENT
Title Level 26
Remainder of title netvor z temnoty
Statement of responsibility, etc. Anthony E Zuiker, Duane Swierczynski ; [z anglického originálu preložila Marina Gálisová ; ilustrácie Marek Eck]
260 ## - PUBLICATION, DISTRIBUTION, ETC.
Place of publication, distribution, etc. Bratislava
Name of publisher, distributor, etc. Ikar
Date of publication, distribution, etc. 2010
300 ## - PHYSICAL DESCRIPTION
Extent 349 s.
Other physical details il.
653 ## - INDEX TERM--UNCONTROLLED
Uncontrolled term 821.111(73)-31
653 ## - INDEX TERM--UNCONTROLLED
Uncontrolled term (0:82-312.4)
655 #7 - INDEX TERM--GENRE/FORM
Genre/form data or focus term americké romány
Source of term UKBPH
655 #7 - INDEX TERM--GENRE/FORM
Genre/form data or focus term thrillery (romány)
Source of term UKBPH
700 1# - ADDED ENTRY--PERSONAL NAME
Personal name Swierczynski, Duane
Relationship aut
700 1# - ADDED ENTRY--PERSONAL NAME
Personal name Gálisová, Marina
Relationship trl
700 1# - ADDED ENTRY--PERSONAL NAME
Personal name Eck, Marek
Relationship ill
910 ## - USER-OPTION DATA (OCLC)
User-option data ukb
942 ## - ADDED ENTRY ELEMENTS (KOHA)
Source of classification or shelving scheme Dewey Decimal Classification
Koha item type Krásna literatúra pre dospelých
Suppress in OPAC No
949 ## - LOCAL PROCESSING INFORMATION (OCLC)
6 1800483043
a SL.D.79792
b PV.9825-2010
949 ## - LOCAL PROCESSING INFORMATION (OCLC)
6 1800483044
a SK.D.47945
b PV.9826-2010
s 6707:20101126
Holdings
Stav vyradenia Strata Poškodenie Spôsob nadobudnutia Domovská knižnica Aktuálna knižnica Dátum nadobudnutia Total checkouts Čiarový kód exemplára Date last seen Typ exemplára
      Dar Obecná knižnica Turčianska Štiavnička Obecná knižnica Turčianska Štiavnička 26.03.2026   4738000729 26.03.2026 Krásna literatúra pre dospelých
Projekt je podporený Slovenskou asociáciou knižníc
Prevádzkuje Turčianska knižnica Martin 2026